000 00883nam a22002777a 4500
001 BR2017000668
003 BR-BrBNA
005 20230928105047.0
007 ta
008 230509b bl.||||| |||| 00| 0 por d
040 _aBR-BrBNA
_bpor
_cBiblioteca Nacional de Agricultura
041 _a(Eng, Por)
072 _aP06
090 _ P06 BR2017000668
100 1 _aPenido, E.S.
110 1 _aUniversidade Federal de Lavras, MG (Brasil)
_0Tese (Mestrado)
245 1 _aConversão pirolítica de lodo de esgoto a biocarvão e seu uso na remediação de ambientes contaminados
260 3 _aLavras, MG (Brasil):
_c2016.
300 _a116 p.
500 _aIncludes several bibliographies; Summaries (Eng, Por); 17 illus.; 14 tables
650 _aLODO RESIDUAL
650 _aCONTAMINAÇÃO
650 _aMETAL PESADO
909 _a202309
_bLucia
_c55
_dLucia Elande
942 _cBK
999 _c83194
_d83194